De Carranza a Salinas : otras razones en el ejercicio del poder en México : Estado, régimen y sistema /

Historia política del sistema político emanado de la Revolución Mexicana, donde el autor analiza la formación, crisis y reestructuración de su régimen político, a través de la praxis política particular de cada presidente de la nación en turno, desde Venustiano Carranza hasta Carlos Salinas.

محفوظ في:
التفاصيل البيبلوغرافية
المؤلف الرئيسي: Quirós Pérez, Miguel (autor)
مؤلفون آخرون: Gutiérrez Herrera, Lucino (autor) (autor), Turrent Díaz, Eduardo (prólogo) (prólogo)
التنسيق: كتاب
اللغة:الإسبانية
منشور في: México : UAM Azcapotzalco, 1992, c1992
الموضوعات:
الوسوم: إضافة وسم
لا توجد وسوم, كن أول من يضع وسما على هذه التسجيلة!

MARC

LEADER 00000nam^a2200000^a^4500
001 000315120
005 20250521000000.0
009 20260310113234.139
020 |a 970-620-118-1 
025 |a Donación Héctor Garza, 1 ejemplar 
037 |a Acervo Xavier Clavigero 
041 |a ESP 
082 |a 320. 97206  |b QUI 
100 |a Quirós Pérez, Miguel  |e (autor) 
245 1 0 |a De Carranza a Salinas :  |b otras razones en el ejercicio del poder en México : Estado, régimen y sistema /  |c M. Quirós Pérez, L. Gutiérrez Herrera ; pról. de E. Turrent Díaz. 
264 4 |a México :  |b UAM Azcapotzalco,  |c 1992, c1992 
300 |a 399 p. 
336 |a texto  |b txt  |2 rdacontenido 
337 |a sin mediación  |b n  |2 rdamedio 
338 |a volumen  |b nc  |2 rdasoporte 
520 |a Historia política del sistema político emanado de la Revolución Mexicana, donde el autor analiza la formación, crisis y reestructuración de su régimen político, a través de la praxis política particular de cada presidente de la nación en turno, desde Venustiano Carranza hasta Carlos Salinas. 
649 |a XX 
650 |a Poder Político -  |z México -  |x Historia 
650 |a Organización Política -  |z México -  |x Historia 
650 |a Pactos Políticos -  |z México -  |x Historia 
650 |a Transición Política -  |z México -  |x Historia 
650 |a Cambios Políticos -  |z México -  |x Historia 
650 |a Gobernabilidad -  |z México -  |x Historia 
650 |a Proceso Político -  |z México -  |x Historia 
650 |a Sistema Político -  |z México -  |x Historia 
650 |a Política -  |z México -  |x Historia -  |y 1910-1946 -  |x Tema Principal 
650 |a Política -  |z México -  |x Historia -  |y 1928-2000 -  |x Tema Principal 
650 |a México -  |x Condiciones Políticas 
700 |a Gutiérrez Herrera, Lucino  |e (autor) 
700 |a Turrent Díaz, Eduardo  |e (prólogo) 
910 |a Fondo General 
920 |a Impresos - Libros 
930 |a Colección General 
905 |a 101 
901 |a 0500202071  |b IT1  |c ACC  |i D  |u 20250521 
902 |a https://opac.biblio.iteso.mx/vufind/Record/000315120